000
00321nam a22001217a 4500
008
180809b xxu||||| |||| 00| 0 eng d
041
_a
eng
080
_a
616-053.2
100
_a
8
101
_a
PED
245
_a
Guidelines for Air and Ground Transport of Neonatal and Pediatric Patients
_c
Closkey,K.M
942
_2
udc
_c
BK
999
_c
46982
_d
46982